| 000 | 00628nam a22002057a 4500 | ||
|---|---|---|---|
| 003 | OSt | ||
| 005 | 20240227131612.0 | ||
| 008 | 190516t xxu||||| |||| 00| 0 eng d | ||
| 020 | _a9783822885543 | ||
| 040 | _c0 | ||
| 082 |
_a759.4 _bFEI 1996 |
||
| 100 | 1 |
_aFeist,Peter H _9121503 |
|
| 245 | 1 | 0 |
_aPierre-Auguste Renoir, 1841-1919 : _bA dream of harmony/ _cPeter H. Feist |
| 260 |
_bBenedikt Taschen Verlag; _c1996. |
||
| 300 | 1 |
_a95p.: _bill; _c23cm. |
|
| 650 |
_aPainting, French _9121504 |
||
| 650 |
_aImpressionism (Art) _9121505 |
||
| 942 |
_2ddc _cBK _aSADA _k759.4 FEI 1996 |
||
| 999 |
_c608348 _d608348 |
||